000 00817nam a22002057a 4500
005 20120731111212.0
010 _aB-454596
020 _a9798173871947
_c600.00
035 _aB-454596
037 _adpl
_bBlueberry Pub/Ven
082 _a954.511
100 _aBiswal, Ashok
_950843
245 _aMystic Monpas of Tawang Himalaya/
_cby Ashok Biswal
260 _aNew Delhi
_bIndus Publisher
_c2006
270 _aFS-5 Tagore Garden
_bNew Delhi
300 _a232 p.
_c22cm
942 _2ddc
_cEN
_mBIS
_h954.511
999 _c68806
_d68806